000 00861nam a22002777a 4500
003 CHAP
005 20220329134513.0
008 971013s1966 r 00010 d
010 _a21301
011 _a22273
035 _a26367
040 _cCHAP
090 _aFolleto 5762
111 0 0 _aDrainage for Efficient Crop Production Conference. Chicago, Ill.,
_d1965.
_934161
245 _aConference proceedings
260 _aSt. Joseph, Mich. :
_bAmerican Society of Agricultural Engineers,
_c1966?
300 _a78 p.
_b: ilus. ; gráfs.
590 _aBATCH-UPD
_b10
_c20130110
_lUCH01
_h1422
590 _aCONVERSION
_b10
_c20130109
_lUCH01
_h1313
650 1 4 _aAgua
_xEfecto en plantas.
_92372
650 1 4 _aDrenaje.
_934190
901 _aBK
942 _cFOLL
949 _bBC
_cFOLL
_d-60843
_eTS1
_i26367
_si
949 _bBC
_cFOLL
_d-60844
_eTS2
_fc.2
_i26367
_si
999 _c21301
_d21301